| 000 | 00474cam6a220018100 4500 | ||
|---|---|---|---|
| 001 | tmp15759152 | ||
| 003 | UPRA | ||
| 005 | 20190819091953.0 | ||
| 008 | 951023s1973 xx eng u | ||
| 035 | _a(Sirsi) r42446 | ||
| 035 | _a(UPRA)tmp15759152 | ||
| 040 | _cUPRA | ||
| 100 | 1 |
_aKats, Shemu'el. _6A61442.1 |
|
| 245 | 1 | 0 |
_aBattleground : _bfact and fantasy in Palestine. |
| 260 | _c1973. | ||
| 949 |
_aDS119.7 _wlcc _i-51816 _mMAIN _p2500 _tBOOK _lON-SHELF |
||
| 004 | 42446 | ||
| 999 |
_c96253 _d96253 |
||